Liverpool FC Squad 2024-2025 - Statistics

General Stats
  • This quiz has been taken 2,190 times
    2,057 since last reset
  • The average score is 21 of 24
Answer Stats
# Position Nation Player % Correct
1 GK Brazil Alisson
100%
11 FW Egypt Mohamed Salah
99%
4 DF Netherlands Virgil van Dijk
98%
9 FW Uruguay Darwin Núñez
96%
7 FW Colombia Luis Díaz
96%
10 MF Argentina Alexis Mac Allister
95%
26 DF Scotland Andrew Robertson
93%
18 FW Netherlands Cody Gakpo
93%
5 DF France Ibrahima Konaté
93%
20 FW Portugal Diogo Jota
92%
8 MF Hungary Dominik Szoboszlai
92%
66 DF England Trent Alexander-Arnold
91%
14 FW Italy Federico Chiesa
90%
- Coach Netherlands Arne Slot
89%
3 MF Japan Wataru Endō
89%
2 DF England Joe Gomez
84%
21 DF Greece Kostas Tsimikas
84%
17 MF England Curtis Jones
82%
38 MF Netherlands Ryan Gravenberch
82%
62 GK Ireland Caoimhín Kelleher
81%
19 MF England Harvey Elliott
72%
84 DF Northern Ireland Conor Bradley
71%
78 DF England Jarell Quansah
63%
56 GK Czech Republic Vítězslav Jaroš
44%
No matching quizzes found
Score Distribution
Percent of People with Each Score
Percentile by Number Answered
Your Score History
You have not taken this quiz since the last reset